000
00271nam a2200097Ia 4500
008
220204s9999 xx 000 0 und d
082
_a
678.061:62
_b
DIP
245
0
_a
Dipmolding and latex technology including gloves: Selected references
260
_a
Ohio
_b
ACS
942
_c
BK
999
_c
40430
_d
40430